书目信息 |
| 题名: |
畜禽繁育
|
|
| 作者: | 黄国清 主编 | |
| 分册: | ||
| 出版信息: | 北京 中国农业大学出版社 2016.11 |
|
| 页数: | 359页 | |
| 开本: | 26cm | |
| 丛书名: | ||
| 单 册: | ||
| 中图分类: | S813.2 | |
| 科图分类: | ||
| 主题词: | 畜禽育种--职业教育--教材 | |
| 电子资源: | ||
| ISBN: | 978-7-5655-1640-5 | |
| 000 | 01139nam0 2200265 450 | |
| 001 | 0400001868 | |
| 005 | 20171019174509.0 | |
| 010 | @a978-7-5655-1640-5@dCNY49.00 | |
| 100 | @a20170215e2016 em y0chiy50 ea | |
| 101 | 0 | @achi |
| 102 | @aCN@b110000 | |
| 105 | @aa az 000yy | |
| 106 | @ar | |
| 200 | 1 | @a畜禽繁育@9xu qin fan yu@f黄国清主编 |
| 210 | @a北京@c中国农业大学出版社@d2016.11 | |
| 215 | @a359页@c图@d26cm | |
| 300 | @a教育部 财政部职业院校教师素质提高计划职教师资培养资源开发项目 动物科学专业职教师资培养资源开发 | |
| 307 | @a实际页数为:361 | |
| 320 | @a有书目(第361页) | |
| 330 | @a本书以畜禽育种、繁殖过程为依据,按照”模块-项目-任务”的结构,构建畜禽遗传基础、畜禽育种技术和畜禽繁殖技术3个模块,16个项目(遗传物质基础、遗传基本规律、变异、数量性状遗传、选种、选配、育种方法、杂交及杂种优势利用、生殖激素功能与应用、采精与精液品质检查、精液的稀释与保存技术、发情与发情鉴定技术、输精与受精、妊娠与妊娠诊断技术、分娩与助产技术和繁殖管理等。 | |
| 606 | 0 | @a畜禽育种@x职业教育@j教材 |
| 690 | @aS813.2@v5 | |
| 701 | 0 | @a黄国清@9huang guo qing@4主编 |
| 801 | 0 | @aCN@b91MARC@c20171019 |
| 905 | @b1025831-5@dS813.2@f5@e140 | |
| 畜禽繁育/黄国清主编.-北京:中国农业大学出版社,2016.11 |
| 359页:图;26cm |
| 教育部 财政部职业院校教师素质提高计划职教师资培养资源开发项目 动物科学专业职教师资培养资源开发 |
| ISBN 978-7-5655-1640-5:CNY49.00 |
| 本书以畜禽育种、繁殖过程为依据,按照”模块-项目-任务”的结构,构建畜禽遗传基础、畜禽育种技术和畜禽繁殖技术3个模块,16个项目(遗传物质基础、遗传基本规律、变异、数量性状遗传、选种、选配、育种方法、杂交及杂种优势利用、生殖激素功能与应用、采精与精液品质检查、精液的稀释与保存技术、发情与发情鉴定技术、输精与受精、妊娠与妊娠诊断技术、分娩与助产技术和繁殖管理等。 |
| ● |
| 相关链接 |
|
|
|
|
正题名:畜禽繁育
索取号:S813.2/140
 
预约/预借
| 序号 | 登录号 | 条形码 | 馆藏地/架位号 | 状态 | 备注 |
| 1 | 1025831 | 210258317 | 第二样本阅览室/ [索取号:S813.2/140] | 在馆 | |
| 2 | 1025832 | 210258326 | 第三借阅区/ [索取号:S813.2/140] | 在馆 | |
| 3 | 1025833 | 210258335 | 第三借阅区/ [索取号:S813.2/140] | 在馆 | |
| 4 | 1025834 | 210258344 | 密集书库-生命科学系/ [索取号:S813.2/140] | 在馆 | |
| 5 | 1025835 | 210258353 | 第三借阅区/ [索取号:S813.2/140] | 在馆 |